Characters in FE4 - Statistics

General Stats
  • This quiz has been taken 30 times
  • The average score is 44 of 62
Answer Stats
Answer % Correct
First Generation Alec
100%
First Generation Dew
100%
First Generation Ethlyn
100%
Both Generations Finn
100%
First Generation Jamke
100%
First Generation Lex
100%
First Generation Naoise
100%
First Generation Quan
100%
First Generation Sigurd
100%
First Generation Arden
91%
First Generation Ayra
91%
First Generation Azelle
91%
First Generation Brigid
82%
First Generation Claud
82%
First Generation Deirdre
82%
First Generation Erinys
82%
Second Generation Fee
82%
First Generation Lachesis
82%
Second Generation Leif
82%
Second Generation Oifey
82%
Second Generation Seliph
82%
Second Generation (cont.) Ares
73%
First Generation Beowolf
73%
Second Generation (cont.) Ced
73%
First Generation Edain
73%
Second Generation (cont.) Hannibal
73%
Second Generation (cont.) Hawk
73%
Second Generation Julia
73%
Second Generation Lana
73%
Second Generation Larcei
73%
Second Generation (cont.) Laylea
73%
First Generation Midir
73%
Second Generation Nanna
73%
Second Generation Patty
73%
First Generation Silvia
73%
Second Generation (cont.) Altena
64%
Second Generation (cont.) Coirpre
64%
Second Generation (cont.) Lene
64%
First Generation Lewyn
64%
Second Generation Shannan
64%
First Generation Tailtiu
64%
Second Generation Ulster
64%
Second Generation Amid
55%
Second Generation Arthur
55%
Second Generation (cont.) Asaello
55%
Second Generation (cont.) Charlot
55%
First Generation Chulainn
55%
Second Generation Creidne
55%
Second Generation Daisy
55%
Second Generation Diarmuid
55%
Second Generation (cont.) Febail
55%
Second Generation Hermina
55%
Second Generation (cont.) Jeanne
55%
Second Generation Lester
55%
Second Generation Muirne
55%
Second Generation (cont.) Tine
55%
Second Generation Tristan
55%
Second Generation Dalvin
45%
Second Generation Deimne
45%
Second Generation Iuchar
45%
Second Generation Iucharba
45%
Second Generation (cont.) Linda
45%
No matching quizzes found
Score Distribution
Percent of People with Each Score
Percentile by Number Answered
Your Score History
You have not taken this quiz